000 00399nam a2200133 i 4500
001 82294
003 ES-MaACL
007 t|
008 041108s1974 sp ||||1| spa d
245 0 3 _aLa industria española en 1973.
260 _aMadrid :
_bSubdirección General de Estudios y de la Contaminación Industrial,
_c[1974]
300 _a321 p. :
_bil. ;
_c30 cm.
852 _aES-MaACL
_jE-5230
_bR.89773
999 _c82294
_d82294